000 00657nam a2200181Ia 4500
003 GCL
005 20240530104219.0
008 140319s9999 xx 000 0 ara d
040 _aGCL /
_cGCL
082 0 4 _a361.1
_bع م
100 1 _aعبدالمنعم محمد بدر
245 1 0 _aمشكلاتنا الاجتماعية : اسس نظرية ونماذج خليجية : مشكلة اوقات الفراغ واتجاهات الترويح /
_cعبدالمنعم محمد بدر
300 _a74 ص
650 0 4 _aالمشكلات الاجتماعية
650 0 4 _aاوقات الفراغ
650 0 4 _aالترويح والتسلية
942 _2ddc
_cBK
999 _c45523
_d45523